Central Library OPAC University of Rajshahi

Wage determination / (Record no. 45813)

MARC details
000 -LEADER
fixed length control field 00659cam a2200229 a 4500
001 - CONTROL NUMBER
control field 45813
003 - CONTROL NUMBER IDENTIFIER
rucl marc code BD-RjUL
005 - DATE AND TIME OF LATEST TRANSACTION
control field 20211209054054.0
008 - FIXED-LENGTH DATA ELEMENTS--GENERAL INFORMATION
fixed length control field 160727t1971 ii a bs 001 0 eng
020 ## - INTERNATIONAL STANDARD BOOK NUMBER
International Standard Book Number 0210223065
035 ## - SYSTEM CONTROL NUMBER
System control number (BD-RjUL)45931
040 ## - CATALOGING SOURCE
Original cataloging agency DLC
Transcribing agency DLC
Modifying agency BD-RjUL
Language of cataloging eng
041 ## - LANGUAGE CODE
Language code of text/sound track or separate title eng
082 00 - DEWEY DECIMAL CLASSIFICATION NUMBER
Classification number 331.3150954
Edition number 23
Author mark and year SIW 1971
100 1# - MAIN ENTRY--PERSONAL NAME
Personal name Sinha, P. R. N.
Dates associated with a name 1936-
9 (RLIN) 140117
245 10 - TITLE STATEMENT
Title Wage determination /
Statement of responsibility, etc. P. R. N. Sinha.
260 ## - PUBLICATION, DISTRIBUTION, ETC. (IMPRINT)
Place of publication, distribution, etc. Bombay :
Name of publisher, distributor, etc. Asia Pub. House,
Date of publication, distribution, etc. c1971
300 ## - PHYSICAL DESCRIPTION
Pagination xx, 362 p. :
Size 22 cm.
Illustrations ill.
504 ## - BIBLIOGRAPHY, ETC. NOTE
Bibliography, etc includes Bibliography and index
650 #0 - SUBJECT ADDED ENTRY--TOPICAL TERM
Topical term or geographic name as entry element Wages
General subdivision Government policy
Geographic subdivision India.
9 (RLIN) 140118
942 ## - ADDED ENTRY ELEMENTS (KOHA)
Source of classification or shelving scheme Dewey Decimal Classification
Koha item type Books
Holdings
Lost status Source of classification or shelving scheme Damaged status Not for loan Collection code Permanent Location Current Location Shelving location Date acquired Source of acquisition Cost, normal purchase price Total Checkouts Full call number Date last seen Date checked out Copy number Koha item type
  Dewey Decimal Classification     Non-fiction Central Library, University of Rajshahi Central Library, University of Rajshahi   13/05/1978 Bombay, Asia apub. House 36.00 1 331.3150954 SIW 1971 12/01/2023 20/11/2022 C-2 Books